Lectures de l'Estatut d'Autonomia de Catalunya / [Benet... [et al.]]
Descripción Física:
260 p. ; 21 cm
Otros Autores:
Benet, Josep, 1920-2008
MARC
| LEADER | 00000nam a2200000Ia 4500 | ||
|---|---|---|---|
| 001 | 18741 | ||
| 008 | 160829s1976 xx 000 0 cat d | ||
| 080 | |a D-3-148 | ||
| 245 | |a Lectures de l'Estatut d'Autonomia de Catalunya / [Benet... [et al.]] | ||
| 260 | |a Barcelona : |b Taula de Canvi, |c 1976 | ||
| 300 | |a 260 p. ; |c 21 cm | ||
| 590 | |a Número extra de la revista 'Taula de canvi' (maig 1980, núm. 2) | ||
| 610 | 1 | 0 | |a Catalunya. |t Estatut d'autonomia (1979) |9 8277 |
| 650 | |a Autonomia |x Història |x Espanya |x 1979 |9 43746 | ||
| 700 | 1 | |a Benet, Josep, |d 1920-2008 |9 30323 | |
| 901 | |a Arxiu | ||
| 942 | |n 1 | ||
| 952 | |0 0 |1 0 |4 0 |6 D3148 |7 1 |9 51606 |a Arxiu |b Arxiu |d 2016-12-01 |l 0 |o D-3-148 |p 18741 |r 2016-12-01 00:00:00 |w 2016-12-01 |y ARXIU | ||
| 999 | |c 55451 |d 55451 | ||